| 000 | 00936nam a2200253 i 4500 | ||
|---|---|---|---|
| 003 | DO-SdBNP | ||
| 005 | 20250714093533.0 | ||
| 007 | ta | ||
| 008 | 250714b200- dr do||| |||| 00| 0 spa d | ||
| 040 |
_aDO-SdBNP _bspa _cBNPHU _erda |
||
| 082 | 1 |
_axxx _bxxx _222 |
|
| 100 | 1 |
_aGreco, Esteban _eautor _4aut. _987112 |
|
| 245 | 1 | 0 |
_aEstudio sobre las condiciones de competencia en el mercado de medicamentos de la República Dominicana / _cEsteban Greco |
| 264 | 1 |
_aSanto Domingo : _bComisión Nacional de Defensa de la Competencia, _c[200-]?. |
|
| 300 |
_a155 páginas ; _bgráficas, fotografías : _c23 cm. |
||
| 336 |
_atexto _btxt _2rdacontent |
||
| 337 |
_asin mediación _bn _2rdamedia |
||
| 338 |
_avolumen _bnc _2rdacarrier |
||
| 500 | _aIncluye referencias bibliográficas y notas al pie de las páginas | ||
| 504 | _aBibliografía : páginas 140-142 | ||
| 590 | _aInventariado, 2025/ YL | ||
| 910 | _aYLockward | ||
| 942 |
_2ddc _cLBS1 |
||
| 999 |
_c59520 _d59520 |
||